• 首页
  • 本馆介绍
  • 公告通知
  • 最新文献
  • 馆藏检索
  • 电子资源
  • 读者导购
  • 参考咨询
  • 我的图书馆
  • 登录
  • 详细信息显示
  • 放入我的书架
  • 预约/预借图书
  • 作者相关作品
  • 分类相关作品
  • 丛书相关作品
  • 出版社相关作品

书目信息

  • 表格格式
  • 工作单格式
  • 卡片格式
题名:
法律文件起草之道
    
 
作者: 都南 , 福斯特 著 ;陈晓昀 译
分册:  
出版信息: 北京   法律出版社  2006
页数: 239页
开本: 21cm
丛书名: 职业之道
单 册:
中图分类: D916.13
科图分类:
主题词: 法律文书--写作 , 法律文书 , 写作
电子资源:
ISBN: 7-5036-6244-1
000 01285oam2 2200325 450
001 003155845
005 20070801165111.29
010    @a7-5036-6244-1@dCNY29.80
100    @a20060416d2006 em y0chiy0110 ea
101 1  @achi@ceng
102    @aCN@b110000
105    @ay z 000yy
200 1  @a法律文件起草之道@9fa lv wen jian qi cao zhi dao@dDrafting@f(英)埃尔默·都南(Elmer Doonan),(英)查尔斯·福斯特(Charles Foster)著@g陈晓昀译@zeng
210    @a北京@c法律出版社@d2006
215    @a239页@d21cm
225 2  @a职业之道@e法律职业技巧快速指南丛书
300    @a中华全国律师协会审定·英国律师协会推荐律师必读书目
305    @a卡文笛什出版公司授权出版
330    @a本书对起草所有的法律文件而言,可读性、实践性、透彻性以及文件提纲和实例的完整参考文件这些原则都是必须遵循的,很多原则多年没有变化,然而它们不适当的应用仍会产生问题。本书提纲携领地给出了组成文件的要素,并且指出了如何表达真正考虑的东西。
461  0 @12001 @a职业之道
510 1  @aDrafting@zeng
606 0  @a法律文书@x写作
606 0  @a法律文书
606 0  @a写作
690    @aD916.13@v4
701  0 @c(英)@a都南@9du nan@c(Doonan, Elmer)@4著
701  0 @c(英)@a福斯特@9fu si te@c(Foster, Charles)@4著
702  0 @a陈晓昀@9chen xiao yun@4译
801  0 @aCN@bNLC@c20070801
905    @a10447@dD916.13@e387
    
    法律文件起草之道=Drafting/(英)埃尔默·都南(Elmer Doonan),(英)查尔斯·福斯特(Charles Foster)著/陈晓昀译.-北京:法律出版社,2006
    239页;21cm.-(职业之道:法律职业技巧快速指南丛书)
    中华全国律师协会审定·英国律师协会推荐律师必读书目
    
    ISBN 7-5036-6244-1:CNY29.80
    本书对起草所有的法律文件而言,可读性、实践性、透彻性以及文件提纲和实例的完整参考文件这些原则都是必须遵循的,很多原则多年没有变化,然而它们不适当的应用仍会产生问题。本书提纲携领地给出了组成文件的要素,并且指出了如何表达真正考虑的东西。
●
相关链接 在E读中查询图书 在五车中查询图书 在当当中查询图书 在豆瓣中查询图书


正题名:法律文件起草之道     索取号:D916.13/387         预约/预借

序号 登录号 条形码 馆藏地/架位号 状态 备注
1 0800744   208007440   第一样本阅览室/ [索取号:D916.13/387] 在馆    
2 0800745   208007459   第一借阅区/ [索取号:D916.13/387] 在馆    
3 0800746   208007468   密集书库/ [索取号:D916.13/387] 在馆    
4 0800747   208007477   第一借阅区/ [索取号:D916.13/387] 在馆    
5 0800748   208007486   第一借阅区/ [索取号:D916.13/387] 在馆    
6 0800749   208007495   第一借阅区/ [索取号:D916.13/387] 在馆    
7 0800750   208007501   密集书库/ [索取号:D916.13/387] 在馆    
8 0800751   208007510   密集书库/ [索取号:D916.13/387] 在馆    
9 0800752   208007529   密集书库/ [索取号:D916.13/387] 在馆    
10 0800753   208007538   密集书库/ [索取号:D916.13/387] 在馆    
唐山师范学院图书馆 欢迎您!
大连网信软件有限公司© 版权所有